Statistics for FC Barcelona - Atletico Madrid 2019-20

Click here to take the quiz!

General Stats

  • This quiz has been taken 86 times
  • The average score is 20 of 31

Answer Stats

Answer% Correct
Marc-Andre ter Stegen
96%
Lionel Messi ¹
94%
Gerard Piqué
91%
Luis Suárez
90%
Sergio Busquets
88%
Jan Oblak
87%
Antoine Griezmann
86%
Jordi Alba
86%
José Giménez
80%
Clément Lenglet
77%
Diego Costa
77%
Sergi Roberto
77%
Diego Simeone
75%
Saúl Ñíguez ²
75%
Renan Lodi
70%
Ivan Rakitić
68%
João Félix
65%
Nelson Semedo
64%
Yannick Carrasco
64%
Álvaro Morata
62%
Ángel Correa
58%
Thomas Partey
55%
Arturo Vidal
54%
Felipe
54%
Marcos Llorente
51%
Quique Setién
46%
Thomas Lemar
42%
Ansu Fati
38%
Riqui Puig
30%
Santiago Arias
28%
Vitolo
14%

Score Distribution

Percentile by Number Answered

Percent of People with Each Score

Your Score History

You have not taken this quiz